000 01099nam a2200229Ia 4500
999 _c37780
_d37780
001 3757
003 GE_BSU
005 20190809160602.0
008 181216s1971||||ge |||||||||||||| ||geo||
040 _cGE_BSU
041 _ageo
080 _a016:94(560) ბ–88
100 _aბოსტაშვილი, ნ.
_93489
245 _cრედ. ო. გიგინეიშვილი.
_aთურქეთის ბიბლიოგრაფია :
_bისტორია /
264 _aთბილისი :
_bმეცნიერება,
_c1971.
300 _a290 გვ.;
_b22 სმ.
501 _a პირთა და გეოგრაფიულ სახელთა საძიებელი. გვ.: 258-282.
504 _aგამოყენებული წყაროები. (ბიბლიოგრაფიები) გვ.: 283-289.
653 _aთურქეთის ისტორია - ბიბლიოგრაფია
700 _aგიგინეიშვილი, ო.
_eრედაქტორი
_91029
942 _cBK
_2udc